02628 am a22002775a 4500001001300000003000400013005001700017008004100034020001800075020001500093040006700108082002100175245006500196250001200261260004400273300004700317504005100364505164200415650003202057651001002089653002302099700002502122942000802147999001702155952017802172ocn778040081OSt20170111141136.0120216t2013 moua frb 001 0 eng d a9780323083171 a032308317X aDNLM/DLCbengcDLCdYDXdNLMdYDXCPdCDXdOCLCOdIUDdEG-SCBUE04222a617.643bCON10aContemporary orthodontics /cWilliam R. Proffit ... [et al.] a5th ed. aSt. Louis :bElsevier / Mosby,cc.2013. axiii, 754 p. :bill. (some col.) ;c29 cm. aIncludes bibliographical references and index.0 aMalocclusion and dentofacial deformity in contemporary society / William R. Proffit -- Concepts of growth and development / William R. Proffit -- Early stages of development / William R. Proffit -- Later stages of development / William R. Proffit -- The etiology of orthodontic problems / William R. Proffit -- Orthodontic diagnosis : the problem-oriented approach / William R. Proffit, David M. Sarver, James L. Ackerman -- Orthodontic treatment planning : from problem list to specific plan / William R. Proffit, Henry W. Fields Jr., David M. Sarver -- The biologic basis of orthodontic therapy / William R. Proffit -- Mechanical principles in orthodontic force control / William R. Proffit -- Contemporary orthodontic appliances / William R. Proffit -- Moderate nonskeletal problems in preadolescent children : preventive and interceptive treatment in family practice / Henry W. Fields Jr., William R. Proffit -- Complex nonskeletal problems in preadolescent children : preventive and interceptive treatment / Henry W. Fields Jr. -- Treatment of skeletal problems in children and preadolescents / Henry W. Fields Jr., William R. Proffit -- The first stage of comprehensive treatment : alignment and leveling / William R. Proffit -- The second stage of comprehensive treatment : correction of molar relationship and space closure / William R. Proffit -- The third stage of comprehensive treatment finishing / William R. Proffit -- Retention / William R. Proffit -- Special considerations in treatment for adults / William R. Proffit, David M. Sarver -- Combined surgical and orthodontic treatment / William R. Proffit, David M. Sarver. 7aOrthodontics.2BUEsh941372 2BUEsh bDDentcJanuary20171 aProffit, William R.  2ddc c23889d23861 00102ddc40708Al-Dar AlAaMAINbMAINc1STd2017-01-11ePurchaseg1450.00h0000479l7m57o617.643 CONp000040859q2022-02-15r2020-11-12 00:00:00s2020-11-12v1812.50yBB